Conversación en la Catedral

Kaydedildi:
Detaylı Bibliyografya
Yazar: Vargas Llosa, Mario
Materyal Türü: Kitap
Dil:Undetermined
Baskı/Yayın Bilgisi: Barcelona, España Seix Barral 1979
Edisyon:11
Konular:
Etiketler: Etiketle
Etiket eklenmemiş, İlk siz ekleyin!

MARC

LEADER 00000nam a2200000Ia 4500
008 170316s9999 xx 000 0 und d
040 |a cru BVZT 
090 |a 860 V-7c 
100 |a Vargas Llosa, Mario 
245 |a Conversación en la Catedral 
250 |a 11 
260 |a Barcelona, España 
260 |b Seix Barral 
260 |c 1979 
300 |a 669 páginas 
650 |a LITERATURA LATINOAMERICANA 
999 |c 9318  |d 9318 
942 |c 15 D  |h 860 V-7c  |2 z